000 00845cam a2200313 4500
001
008 000000n1998 000 0 eng u
020 _a1860812198
035 _a(Sirsi) u111907
050 _a615.925756
100 _aScivyer, Chris
110 _aBuilding Research Establishment
245 _aDwellings with cellars and basements : a BRE guide to radon remedial measures in existing dwellings.
260 _aLondon
_bCRC Ltd.
_c1998
300 _aiv,31P.
_bill.
_c1998
350 _a25.00
490 _aBR
_v343
650 _aBASEMENTS
650 _aCELLARS
650 _aRADON
650 _aRADON GAS
650 _aRADON PROTECTION MEASURES
650 _aRADON RISK AREAS
650 _aREMEDIAL TREATMENT
650 _aREMEDIAL WORKS
690 _aBUILT ENVIRONMENT
700 _aJaggs, M.
942 _n0
999 _c101301
_d101301